Skoki narciarskie zwycięscy Pucharu Świata - Statystyki

Ogólne statystyki
  • Ten quiz został rozwiązany 1 736 razy
  • Średni wynik to 27 z 41
Statystyki odpowiedzi
kraj sezon skoczek % Poprawnych
Polska 2013/2014 Kamil Stoch
99%
Polska 2017/2018 Kamil Stoch
99%
Polska 2000/2001 Adam Małysz
98%
Polska 2001/2002 Adam Małysz
98%
Polska 2002/2003 Adam Małysz
98%
Polska 2006/2007 Adam Małysz
98%
Austria 2016/2017 Stefan Kraft
96%
Austria 2019/2020 Stefan Kraft
96%
Japonia 2018/2019 Ryoyu Kobayashi
94%
Słowenia 2015/2016 Peter Prevc
93%
Finlandia 2003/2004 Janne Ahonen
89%
Finlandia 2004/2005 Janne Ahonen
89%
Szwajcaria 2009/2010 Simon Ammann
85%
Niemcy 2014/2015 Severin Freund
82%
Austria 2008/2009 Gregor Schlierenzauer
76%
Austria 2012/2013 Gregor Schlierenzauer
76%
Austria 2007/2008 Thomas Morgenstern
76%
Austria 2010/2011 Thomas Morgenstern
76%
Czechy 2005/2006 Jakub Janda
74%
Norwegia 2011/2012 Anders Bardal
70%
Niemcy 1998/1999 Martin Schmitt
66%
Niemcy 1999/2000 Martin Schmitt
66%
Finlandia 1982/1983 Matti Nykänen
66%
Finlandia 1984/1985 Matti Nykänen
66%
Finlandia 1985/1986 Matti Nykänen
66%
Finlandia 1987/1988 Matti Nykänen
66%
Słowenia 1996/1997 Primoz Peterka
61%
Słowenia 1997/1998 Primoz Peterka
61%
Austria 1992/1993 Andreas Goldberger
52%
Austria 1994/1995 Andreas Goldberger
52%
Austria 1995/1996 Andreas Goldberger
52%
Niemcy 1983/1984 Jens Weissflog
40%
Finlandia 1991/1992 Toni Nieminen
31%
Austria 1990/1991 Andreas Felder
29%
Norwegia 1993/1994 Espen Bredesen
29%
Szwecja 1988/1989 Jan Boklöv
28%
Austria 1980/1981 Armin Kogler
23%
Austria 1981/1982 Armin Kogler
23%
Finlandia 1989/1990 Ari-Pekka Nikkola
22%
Austria 1979/1980 Hubert Neuper
22%
Norwegia 1986/1987 Vegard Opaas
14%
Nie znaleziono quizów pasujących do podanych kryteriów
Rozkład punktacji
Procent ludzi z każdym wynikiem
Percentyl według liczby udzielonych odpowiedzi
Twoja historia wyników
Nie rozwiązałeś tego quizu